00464 a2200169 450000100060000002000150000604000240002110000180004524000420006324500370010530000070014236200090014965000240015894200070018295200880018999900170027768774 a8586295078 cAnchieta - Itaigara aGuedes, Hardy10aO pobre homem mais rico do mundolpor10aO pobre homem mais rico do mundo a240 a1997 4aLiteratura infantil cBK 00104070a88.1b88.1d2023-11-21l0p462/ITAr2023-11-21 20:03:04w2023-11-21yBK c68774d68774